Tilastot visalle Arvaa mikä Euroopan pääkaupunki

Klikkaa tästä pelataksesi tätä visaa!

Yleistilastot

  • Tätä visaa on pelattu 97 kertaa
  • Keskiarvotulos 6 / 16

Vastaustilastot

Vastaus% Oikein
Kööpenhamina
89%
Helsinki
78%
Pariisi
61%
Amsterdam
53%
Madrid
50%
Moskova
42%
Tukholma
36%
Praha
33%
Tallinna
31%
Lontoo
28%
Bern
19%
Sofia
14%
Minsk
11%
Ljubljana
8%
Luxemburg
8%
Zagreb
3%

Tulosjakauma

Persentiili vastausten määrän mukaan

Jokaisen tuloksen saaneiden osuus

Tuloshistoriasi

Et ole pelannut tätä visaa